Discrete mathematics for computing (Record no. 7375)

000 -LEADER
fixed length control field 00560 a2200193 4500
020 ## - INTERNATIONAL STANDARD BOOK NUMBER
International Standard Book Number 0333981111
040 ## - CATALOGING SOURCE
Original cataloging agency DLC
Language of cataloging English
082 04 - DEWEY DECIMAL CLASSIFICATION NUMBER
Classification number 511
100 1# - MAIN ENTRY--PERSONAL NAME
Personal name Grossman, Peter.
245 10 - TITLE STATEMENT
Title Discrete mathematics for computing
Statement of responsibility, etc. Peter Grossman.
250 ## - EDITION STATEMENT
Edition statement 2nd ed.
260 ## - PUBLICATION, DISTRIBUTION, ETC.
Place of publication, distribution, etc. Basingstoke :
Name of publisher, distributor, etc. Palgrave Macmillan,
Date of publication, distribution, etc. 2002.
300 ## - PHYSICAL DESCRIPTION
Extent xv, 301 p. :
Other physical details ill. ;
Dimensions 25 cm.
490 1# - SERIES STATEMENT
Series statement Grassroots series
500 ## - GENERAL NOTE
General note Previous ed.: 1995.
650 #0 - SUBJECT ADDED ENTRY--TOPICAL TERM
Topical term or geographic name entry element Computer science
General subdivision Mathematics.
830 #0 - SERIES ADDED ENTRY--UNIFORM TITLE
Uniform title Grassroots series (Macmillan Press)
942 ## - ADDED ENTRY ELEMENTS (KOHA)
Koha item type Book
Call number prefix 511 GRO
Source of classification or shelving scheme
Holdings
Withdrawn status Lost status Damaged status Not for loan Collection code Permanent Location Current Location Shelving location Date acquired Source of acquisition Cost, normal purchase price Total Checkouts Full call number Barcode Date last seen Date last checked out Price effective from Koha item type
          Central Library (CL) Central Library (CL) General Stacks 04/30/2003 Allied Book Company 1864.13 1 511 GRO SEECS003386 10/18/2016 10/18/2016 01/05/2017 Book
© 2023 Central Library, National University of Sciences and Technology. All Rights Reserved.